000 005320000a22002050004500
003 LK-CoMWRAF
005 20230914114650.0
008 230817t2000 ||||| |||| 00| 0 eng d
020 _a8171511139
040 _aLK-CoMWRAF
_dLK-CoMWRAF
_eLK-CoMWRAF
041 _aeng
082 _a818.889
_bSUN
245 _aSunan Abu Dawud :
_bEnglish translation with explanatory notes
260 _aIndia :
_bKitab Bhavan,
_c2000
300 _a402p
490 _aVolume 1
650 _aHadiths
700 _aHasan, Ahmad
_etrans.
942 _cBK
999 _c246
_d246